000 00441nam a2200145Ia 4500
008 240729s9999 xx 000 0 und d
022 _a2383-3882
245 0 _aIranian Journal of Materials Science and Engineering
260 _aIran, Islamic Republic of
260 _bIran University of Science & Technology
650 _aTechnology
856 _uhttps://doaj.org/toc/d5b5e5a977e8435eacb1296a96db039d
942 _2ddc
942 _cDOAJEJ
999 _c68705
_d68705
945 _a1
_bMadushi Gamage
_c1
_dMadushi Gamage